MARC details
| 000 -LEADER |
| campo de control de longitud fija |
01569nam a2200337 i 4500 |
| 001 - NÚMERO DE CONTROL |
| campo de control |
18148 |
| 003 - IDENTIFICADOR DE NÚMERO DE CONTROL |
| campo de control |
ES-MaACL |
| 005 - FECHA Y HORA DE LA ÚLTIMA TRANSACCIÓN |
| campo de control |
20250823103856.0 |
| 007 - CAMPO FIJO DE DESCRIPCIÓN FÍSICA--INFORMACIÓN GENERAL |
| campo de control de longitud fija |
t| |
| 008 - DATOS DE LONGITUD FIJA--INFORMACIÓN GENERAL |
| campo de control de longitud fija |
010927s1905 sp g |||| | spa d |
| 080 ## - NÚMERO DE LA CLASIFICACIÓN DECIMAL UNIVERSAL |
| Número de la Clasificación Decimal Universal |
821.134.2 Cervantes Saavedra, Miguel de 7.Quijote.06 (0:78) |
| 080 ## - NÚMERO DE LA CLASIFICACIÓN DECIMAL UNIVERSAL |
| Número de la Clasificación Decimal Universal |
681.81(460)"15" |
| 080 ## - NÚMERO DE LA CLASIFICACIÓN DECIMAL UNIVERSAL |
| Número de la Clasificación Decimal Universal |
78.034(4) |
| 100 1# - ENTRADA PRINCIPAL--NOMBRE DE PERSONA |
| Nombre de persona |
Roda, Cecilio de, |
| Fechas asociadas al nombre |
1865-1912 |
| 9 (RLIN) |
227158 |
| 245 14 - MENCIÓN DEL TÍTULO |
| Título |
Los instrumentos músicos y las danzas ; |
| Resto del título |
Las canciones : conferencias dadas en el Ateneo de Madrid los días 1 y 13 de mayo de 1905 con ocasión del Tercer Centenario de El Ingenioso Hidalgo Don Quijote de La Mancha / |
| Mención de responsabilidad, etc. |
por Cecilio de Roda. |
| 260 ## - PUBLICACIÓN, DISTRIBUCIÓN, ETC. |
| Lugar de publicación, distribución, etc. |
Madrid : |
| Nombre del editor, distribuidor, etc. |
[s.n.], |
| Fecha de publicación, distribución, etc. |
1905 ( |
| Fabricante |
Imp. y Lit. de Bernardo Rodríguez) |
| 300 ## - DESCRIPCIÓN FÍSICA |
| Extensión |
47, [18] p. : |
| Otras características físicas |
música ; |
| Dimensiones |
24 cm. |
| 504 ## - NOTA DE BIBLIOGRAFÍA, ETC. |
| Nota de bibliografía, etc. |
Referencias bibliográficas. |
| 530 ## - NOTA DISPONIBLE DE FORMULARIO FÍSICO ADICIONAL |
| Nota de formato físico adicional disponible |
Disponible en formato digital. |
| 594 ## - Nota al título y mención de responsabilidad |
| Nota al título y mención de responsabilidad |
Precede al tít.: Ilustraciones del Quijote. |
| 597 ## - NOTA DE DESCRIPCIÓN FÍSICA |
| NOTA DE DESCRIPCIÓN FÍSICA |
Las últimas 18 p. son partituras. |
| 600 14 - PUNTO DE ACCESO ADICIONAL DE MATERIA--NOMBRE DE PERSONA |
| Nombre de persona |
Cervantes Saavedra, Miguel de, |
| Fechas asociadas al nombre |
1547-1616. |
| Título de la obra |
Don Quijote de la Mancha- |
| Subdivisión de forma |
Aniversarios y centenarios |
| 9 (RLIN) |
37614 |
| 610 24 - PUNTO DE ACCESO ADICIONAL DE MATERIA--NOMBRE DE ENTIDAD CORPORATIVA |
| Nombre de entidad corporativa o nombre de jurisdicción como elemento de entrada |
Ateneo de Madrid- |
| Subdivisión de forma |
Conferencias- |
| Subdivisión cronológica |
1900-1939 |
| 9 (RLIN) |
1907 |
| 650 #4 - PUNTO DE ACCESO ADICIONAL DE MATERIA--TÉRMINO DE MATERIA |
| Término de materia o nombre geográfico como elemento de entrada |
Instrumentos musicales- |
| Subdivisión geográfica |
España. |
| 9 (RLIN) |
157706 |
| 650 #7 - PUNTO DE ACCESO ADICIONAL DE MATERIA--TÉRMINO DE MATERIA |
| Término de materia o nombre geográfico como elemento de entrada |
Música- |
| Subdivisión cronológica |
S.XVI |
| Fuente del encabezamiento o término |
|
| 9 (RLIN) |
157756 |
| 740 42 - ENTRADA AGREGADA--TÍTULO RELACIONADO/ANALÍTICO NO CONTROLADO |
| Título relacionado o analítico no controlado |
Las canciones. |
| 852 4# - LOCALIZACIÓN |
| Ubicación |
ES-MaACL |
| Número de control de estantería |
L-4911 (18-4) |
| Nota libre |
- Donativo Roda |
| 852 4# - LOCALIZACIÓN |
| Ubicación |
ES-MaACL |
| Número de control de estantería |
T-1118-F-2 |
| Nota libre |
- Dedicatoria autógrafa del autor |
| 856 4# - LOCALIZACIÓN Y ACCESO ELECTRÓNICOS |
| Identificador Uniforme de Recursos |
<a href="http://bdh-rd.bne.es/viewer.vm?id=0000191031&page=1 ">http://bdh-rd.bne.es/viewer.vm?id=0000191031&page=1 </a> |
| Nota pública |
Biblioteca Digital Hispánica |